Statistiques concernant Pays avec les lettres B et D

Cliquez ici pour prendre le quiz!

Statistiques générales

  • Ce quiz a été pris 461 fois
  • Le résultat moyen est 6 sur 11

Statistiques - réponses

Réponse% Correct
Bangladesh
71%
Azerbaïdjan
62%
Barbade
59%
Burundi
57%
Arabie Saoudite
54%
Antigua-et-Barbuda
50%
République dominicaine
49%
République démocratique du Congo
47%
Djibouti
39%
République du Congo
39%
Cambodge
37%

Distribution des résultats

Percentile par nombre de réponses

% des personnes avec chaque résultat

Votre développement - résultats

Vous n’avez pas pris ce quiz